000 01183cad a22002535a 4500
001 L146876
008 090305s2008 xxk f 000 0 eng d
035 _a(Sirsi) u146876
041 0 _aeng
050 0 4 _a333.33 $2 18
110 2 _aJones Lang LaSalle
_93755
245 0 0 _aNorth America office report
_bfourth quarter 2008
_h[electronic resource]
260 _a[S.l.]
_bJLL
_c2008
490 0 _aNorth America Office Report
_vFourth Quarter 2008
520 _aReports that declines in leasing activity, together with large new deliveries with pre-leasing levels below 50%, have pushed vacancy rates steadily upwards. As a result, quoted rents have been pushed down by approximately 2.1% in the second half of 2008, while effective rents have experienced greater declines as landlord concessions continued to increase throughout the year.
521 _aAdvanced
590 _aKA
650 2 4 _aNORTH AMERICA OFFICE REPORT
651 4 _aUnited States
_y1959-
651 4 _aCanada
690 _aPROPERTY-COMMERCIAL PROPERTY-COMMERCIAL PROPERTY MARKET
856 4 0 _uhttps://www.us.am.joneslanglasalle.com/
_zView the document at www.us.am.joneslanglasalle.com...
942 _n0
999 _c109329
_d109329